29-ho januara 1932 r. narodyv sja u seli Sukiv, okres Medžilabirci Andrij Gaj ...

Bibliographic Details
Main Author: Kuzmiaková, Anna, 1949- (Author)
Format: Article
Language:Ukrainian
ISSN:2454-0013
Subjects:

MARC

LEADER 00000nab a2200000 a 4500
001 vtls011711025
003 SK-MaSNL
005 20260318115017.0
008 170918c2017 xo er n ||00 c0ukr
015 |a SNBRB2017/09 
038 |a SVKPOCL 
040 |a SVKPOCL  |b slo  |c SVKPOCL  |e AACR2 
041 0 |a ukr 
044 |a xo  |c SK 
080 |a 75.071.1  |2 2011 
080 |a 929 Gaj, Andrej  |2 2011 
080 |a 378.093.2-051  |2 2011 
100 1 |a Kuzmiaková, Anna,  |d 1949-  |4 aut  |9 210981 
245 1 0 |a 29-ho januara 1932 r. narodyv sja u seli Sukiv, okres Medžilabirci Andrij Gaj ...  |c [autor] -akuz- 
246 3 |a Dvadcjatoho devjatoho januara 1932 r. narodyv sja u seli Sukiv, okres Medžilabirci Andrij Gaj ... 
500 |a V rubrike Aktualno Vўznačnў jubileji v 2017-im roci - Roci Adolfa Dobrjan'skoho 
500 |a Odkrytie akronymu je s autorkiným súhlasom 
600 1 7 |a Gaj, Andrej,  |d 1932-2016  |2 SNKMA  |9 125355 
648 7 |a 29.1.1932-15.2.2016  |2 svkpocl  |9 1602495 
650 0 7 |a maliari  |2 SNKPH  |9 3150 
650 0 7 |a biografia  |2 SNKPH  |9 71085 
650 0 7 |a výtvarníci  |2 SNKPH  |9 118705 
650 0 7 |a osobnosti  |2 SNKPH  |9 29820 
650 0 7 |a rodáci  |2 SNKPH  |9 30842 
651 7 |a Sukov (Slovensko)  |2 SNKPH  |9 43960 
651 7 |a Prešov (Slovensko)  |2 SNKPH  |9 17347 
773 0 |t NN info Rusyn : Narodnў novynkў Rusyniv Slovakiji  |g Roč. XIV (26), č. 1-2 (2017), s. 3  |x 2454-0013 
852 |a SVKPO  |b KIS3GCP 
856 4 2 |y Elektronický archív Info Rusyna je dostupný na: http://www.rusyn.sk 
958 |a RN 
958 |a BX 
958 |a SK 
958 |a SS 
999 |c 3300501  |d 3302431